Marketing Strategy and Building Brand Value on the Hungarian Market

Návrh optimálnej marketingovej stratégie pre budovanie a riadenie hodnoty značky pre maďarský trh. Prieskum a návrh stratégie pre konkrétnu firmu, ktorá ponúka svoje produkty výhradne na západoeurópskych trhoch.

Salvato in:
Dettagli Bibliografici
Autore principale: Zéman, Zoltán
Altri autori: Bogdan, Alexandru
Natura: Capitolo di libro
Lingua:inglese
Soggetti:
Tags: Aggiungi Tag
Nessun Tag, puoi essere il primo ad aggiungerne!!

MARC

LEADER 00000naa a2200000 4500
001 0265000
005 20221104111253.6
041 0 |a eng 
044 |a SK 
245 1 0 |a Marketing Strategy and Building Brand Value on the Hungarian Market  |c Zoltán Zéman, Alexandru Bogdan 
520 |a Návrh optimálnej marketingovej stratégie pre budovanie a riadenie hodnoty značky pre maďarský trh. Prieskum a návrh stratégie pre konkrétnu firmu, ktorá ponúka svoje produkty výhradne na západoeurópskych trhoch. 
610 2 0 |a stratégia marketingová 
610 2 0 |a značky 
610 2 0 |a marketing strategický 
610 2 0 |a hodnota 
610 2 0 |a Maďarsko 
100 1 |a Zéman, Zoltán 
700 1 |a Bogdan, Alexandru